Responses for Show #7143 - Wednesday, October 7, 2015

Matt Jackson game 9.

Contestants

[<< previous game]

Susan Thurman, a scholarship program director from Tucker, Georgia

Alison Burke, a tutor from Brooklyn, New York

Matt Jackson, a paralegal from Washington, D.C. (whose 8-day cash winnings total $230,610)

[next game >>]

Jeopardy! Round responses

THE PRESIDENT WHO...
ALBUM CUTS
I PREDICT YOU'RE WRONG
THE ART OF DANCE
FALL HOLIDAYS & OBSERVANCES
ON "FIRE"
    $200 5
Andrew Johnson

Alison
    $200 10
Thriller

Matt
    $200 2
rock 'n' roll

Susan
    $200 21
Halloween

Matt
    $200 3
firefighters

Matt
    $400 6
Nixon

Susan
    $400 11
Supernatural

Matt
    $400 15
oil

Alison
    $400 29
(Alex: And that would be [*] dancing.)
[The end-of-round signal sounds.]

Ballroom

Triple Stumper
    $400 22
Kitty Hawk

Matt
    $400 4
firestorm

Alison
    $600 7
Gerald Ford

Triple Stumper
    $600 12
Speak Now

Triple Stumper
    $1,000 1
(Alex: You are correct. Why am I not surprised?)

Charles Darwin

Matt
    $600 28
jazz

Alison
    $600 23
Columbus Day

Matt
    $600 18
a firefly

Alison
    $800 8
Benjamin Harrison

Matt
    $800 13
Hotel California

Triple Stumper
    $800 16
(Alex: ...yes, the "Iron Lady".)

(Margaret) Thatcher

Matt
    $800 27
(Matt: What is a pas de deux?)
(Susan: What is a quadrille?)
...
(Alex: It's four, not two. Not pas de deux, but [*].)

pas de quatre

MattSusan
Triple Stumper
    $800 24
Confucius

Susan
    $800 19
(Harvey) Firestone

Matt
    $1000 9
Herbert Hoover

Matt
    $1000 14
Elephant

Triple Stumper
    $1000 17
Time

Susan
    $1000 26
interpretive

Triple Stumper
    $1000 25
(Alex: Yes, with less than a minute now.)

St. Andrew

Matt
    $1000 20
a fire opal

Triple Stumper

Scores at the first commercial break (after clue 15):

Matt Alison Susan
$3,600 $1,000 $600

Scores at the end of the Jeopardy! Round:

Matt Alison Susan
$6,600 $2,200 $1,600

Double Jeopardy! Round responses

SEE THE SEA CREATURE
BOOKS & AUTHORS
SPORTS NOBILITY
EUROPE
NOT-AS-FAMOUS NAMES
LETTER PERFECT
(Alex: Each correct response will be a letter of the alphabet.)
    $400 26
(Matt: [Selecting the next clue] BOOKS, $400.)
[The end-of-round signal sounds.]

anchovies

Matt
    $400 20
Tater Tots

Alison
    $800 6
a mullet

Alison
    $800 1
A is for Alibi

Matt
    $800 9
Earl

Triple Stumper
    $800 16
Luxembourg

Matt
    $800 21
the International Red Cross

Susan
    $800 22
(Alex: Minute to go.)

O

Matt
    $1200 2
beluga

Matt
    $1200 5
Spenser

Matt
    $1200 10
Bobby Knight

Triple Stumper
    $1200 13
(Matt: What is Norway?)
(Alison: What is Lithuania?)
(Susan: What is Norway?)

Iceland

MattAlisonSusan
Triple Stumper
    $1200 17
a Pet Rock

Susan
    $1200 23
E

Alison
    $1600 3
a perch

Triple Stumper
    $1600 7
All the Light We Cannot See

Matt
    $1600 11
Duke Snider

Triple Stumper
    $1600 14
Sardinia

Matt
    $1600 18
B2

Matt
    $1600 24
D

Triple Stumper
    $2000 4
a cuttlefish

Alison
    $2000 8
(Manuel) Puig

Matt
    $5 12
(Matt: [Wagering] Five... please, Alex.)
(Alex: [Overlapping] Five it is.)
...
(Matt: What is King Mountain?)
(Alex: No, what is [*]? [*] of Montefusco, or [*] of Monte Cristo. And that means your lead has been reduced to $8,395.)

the Count

Matt
    $2000 15
Cannes

Triple Stumper
    $2000 19
a coffee cup

Alison
    $2,000 25
(Alex: Pick again, quickly.)

K

Alison

Scores at the end of the Double Jeopardy! Round:

Matt Alison Susan
$17,395 $9,400 $2,400

[wagering suggestions for these scores]

Final Jeopardy! Round responses

MOVIE CHARACTERS
[After the Final Jeopardy! Round, a brief promo plays.]
(Peabody: To convince Alex Trebek that the world adores him more with facial hair, Sherman and I set the WABAC to 2698 B.C.E., China, for Alex to try...)
(Sherman: The Fu Manchu!)
(Alex: Watch Jeopardy! with special guests Mr. Peabody and Sherman!)
(Announcer: Tomorrow on Jeopardy!)
SusanWho is Raiders of Lost Ark?
$2,300
AlisonWho is Indiana Jones?
$7,996
MattWho is Indiana Jones
$1,406
Indiana Jones

Final scores:

Matt Alison Susan
$18,801 $17,396 $100
9-day champion: $249,411 2nd place: $2,000 3rd place: $1,000

Game dynamics:

Coryat scores:

Matt Alison Susan
$17,000 $9,400 $2,400
22 R
(including 1 DD),
3 W
(including 1 DD)
11 R
(including 1 DD),
1 W
6 R,
2 W

Combined Coryat: $28,800

[game clues] [game scores] [suggest correction]

Game tape date: 2015-09-02
The J! Archive is created by fans, for fans. Scraping, republication, monetization, and malicious use prohibited; this site may use cookies and collect identifying information. See terms. The Jeopardy! game show and all elements thereof, including but not limited to copyright and trademark thereto, are the property of Jeopardy Productions, Inc. and are protected under law. This website is not affiliated with, sponsored by, or operated by Jeopardy Productions, Inc. Join the discussion at JBoard.tv.